000 00680nam a2200241Ia 4500
005 20260429111941.0
008 260429s9999||||xx |||||||||||||| ||und||
020 _a9789354438219
041 _aEnglish
082 _a570.285
_bRAS
100 _aRastogi, S.C.
245 0 _aBioinformatics :
_bmethods and applications genomics, proteomics and drug discovery /
_cS.C. Rastogi
250 _a5th ed.
260 _aNew Delhi :
_bPHI Learning,
_c2024.
300 _axxii, 602 p.; pbk
650 _a Drug discovery
650 _a Genomics
650 _a Proteomics
650 _aBioinformatics
700 _a Mendiratta, Namita
700 _a Rastogi, Parag
942 _cTB
999 _c51575
_d51575